02465nam a2200385 i 4500003001000000005001700010007000300027008004100030024003200071040003500103041001300138082000800151100005600159245012700215246007800342264004000420264001100460300001800471336002700489337001500516338001200531377001800543377001900561380002600580490006500606500011200671505022300783520091401006521004701920650001501967650001601982650002001998650001502018700004602033CO-MdUADB20250328081553.0ta060921t19761966ag gr 00 sdspa d7 2viafa346146462602227770643 aCO-MdUADBbspacCO-MdUADBerda1 aspaheng04a1931 aWittgenstein, Ludwig Joseph Johann,d1889-1951eaut10aEstética, psicoanálisis y religión /cLudwig Wittgenstein ; traducción y estudio introductorio por Eduardo Rabossi15aLectures and Conversations on Aesthetics, Psychology and Religious Belief 1aBuenos Aires :bSudamericana,c1976 4c©1966 a161 páginas atextobtxt2rdacontent ano mediado avolumen aenglInglés aspalEspañol 7aLibros de texto2lemb0 a(Biblioteca de Filosofía / dirigida por Ezequiel de Olaso) aBIBLIOTECA CARLOS GAVIRIA DÍAZ : AUTÓGRAFO : Libro impreso con firma original de Carlos Gaviria Díaz. tAcerca de la filosofía de Wittgenstein /rpor Eduardo Rabossi --tClases sobre Estética --tDe una clase perteneciente a un curso sobre descripcióntConversaciones sobre Freud --tClases sobre creencia religiosa.3 aAunque los problemas estéticos y religiosos preocuparon a Wittgenstein con notable intensidad, poco o nada escribió sobre ellos. Los discutió, en cambio, en sus cursos y seminarios. Este libro incluye los apuntes que un grupo de discípulos tomo de las clases dedicadas a las cuestiones estéticas y a la creencia religiosa. también incluye apuntes de clases dedicadas al psicoanálisis, otro tema que intereso vivamente a Wittgenstein y sobre el que tenía información directa, dada la relación de Freud con su familia. El planteo filosófico presupuesto en esas clases corresponde a la época de Philosophische untersuchungen. En el trabajo introductorio al presente volumen, Eduardo Rabossi ofrece una descripción del pensamiento filosófico de Wittgenstein y enfatiza los rasgos que caracterizan las dos etapas en que se lo suele dividir. (Resumen extraído de la cubierta del libro) aPúblico destinatario: Público general.17aEstética17aFilosofía17aPsicoanálisis17aReligión1 aRabossi, Eduardo A.,d1930-2005etrlewin